00878nam a2200229Ia 450000500170000000800410001708200180005811000190007624500730009525000190016830000430018750000320023060000470026260000580030965000660036765100570043326400350049033600270052533700330055233800280058504000350061320220317001225.0160825s2003 ck a g 000 0 spa 04aR 923.2bN17r2 aRevista Semana10aAntonio Nariñobel colombiano de todos los tiemposcRevista Semana a1a. edición  a258 páginas bilustraciones c21 cm  aIncluye datos biográficos14aNariño, Antoniod1765-1823vBiografías14aNariño, Antoniod1765-1823 xPensamiento político142LEMBaDerechos CivilesxHistoria ySiglo XVII-XVIIIzColombia 4aColombiaxHistoria xIndependenciaySiglo XVII-XVIII aBogotábRevista Semanac2003 atextobtxt2rdacontent asin mediaciónbn2rdamedia avolumenbnc2rdacarrier aCO-BoRNBPbspaerdacCO-BoRNBP